El nacimiento de una nación: la lucha por la liberación de Namibia

Uloženo v:
Podrobná bibliografie
Korporativní autor: Departamento de Información y Publicidad de Swapo (Autor)
Médium: Kniha
Jazyk:španělština
Vydáno: Londres Zed 1981
Témata:
Tagy: Přidat tag
Žádné tagy, Buďte první, kdo vytvoří štítek k tomuto záznamu!

MARC

LEADER 00000nam a2200000 a 4500
001 UCO2322
003 CL-VaPUC
008 000602e19810000UK |||||||||||||||||spa|d
082 0 4 |a 968.81  |b DEP  |2 21 
110 2 |a Departamento de Información y Publicidad de Swapo  |e author  |9 445385 
245 1 3 |a El nacimiento de una nación: la lucha por la liberación de Namibia 
300 |a 394 p 
942 |c BK 
945 |d 20000602 00:00:00  |a rherrera 
260 |a Londres  |b Zed  |c 1981 
650 7 |a HISTORIA DE NAMIBIA  |2 CL-VaPUC  |9 445386 
650 0 |a Independencia   |9 344246 
650 0 |a Descolonización   |9 318067 
650 7 |a SIGLOS 17-20  |2 CL-VaPUC  |9 379694 
651 7 |a NAMIBIA  |2 CL-VaPUC  |9 314269 
583 |a last modification  |c 20000602 00:00:00  |k Rodrigo Vera 
999 |c 288857  |d 288855 
952 |0 0  |1 0  |4 0  |6 968_810000000000000_DEP_1981  |7 0  |8 A  |9 336812  |a BIBHIS  |b BIBHIS  |d 2019-11-20  |i 1285122  |o 968.81 DEP 1981  |p 1285122  |r 2025-01-20  |w 2019-11-20  |y BK  |k HIS 
952 |0 0  |1 0  |4 0  |6 968_810000000000000_DEP_1981  |7 0  |8 A  |9 336813  |a BIBHIS  |b BIBHIS  |d 2019-11-20  |i 1209361  |o 968.81 DEP 1981  |p 1209361  |r 2025-01-20  |w 2019-11-20  |y BK  |k HIS